000
00317 a2200157 4500
001
191037
020
_a
040
_c
Magnum
100
_a
Maia, Ana Isabelle Aguiar
240
1
0
_a
Pensando bem
_l
por
245
1
0
_a
Pensando bem
300
_a
24
362
0
_a
2003
697
_a
LITERATURA INFANTIL
942
_c
BK
999
_c
191037
_d
191037